5HLuxD.jpg

KING HENRY VIII SENIOR AND PRIMARY SCHOOL LIBRARY OPAC

The mysterious adventures of Sherlock Holmes / (Record no. 1305)

000 -LEADER
fixed length control field 00941cam a2200289Ia 4500
001 - CONTROL NUMBER
control field (OCoLC)56342909
003 - CONTROL NUMBER IDENTIFIER
control field OCoLC
005 - DATE AND TIME OF LATEST TRANSACTION
control field 20230106103631.0
008 - FIXED-LENGTH DATA ELEMENTS--GENERAL INFORMATION
fixed length control field
015 ## - NATIONAL BIBLIOGRAPHY NUMBER
National bibliography number GB95-47528
020 ## - INTERNATIONAL STANDARD BOOK NUMBER
International Standard Book Number 9780140372625
035 ## - SYSTEM CONTROL NUMBER
Canceled/invalid control number (OCoLC)32699310
040 ## - CATALOGING SOURCE
Original cataloging agency IWP
Transcribing agency IWP
Modifying agency OCLCQ
-- UKM
-- BAKER
-- DVDSN
-- BTCTA
-- TW-KhWUC
-- KH8
041 0# - LANGUAGE CODE
Language code of text/sound track or separate title eng
044 ## - COUNTRY OF PUBLISHING/PRODUCING ENTITY CODE
MARC country code xxk
082 04 - DEWEY DECIMAL CLASSIFICATION NUMBER
Classification number 823.912 DOY
100 1# - MAIN ENTRY--PERSONAL NAME
Personal name Doyle, Arthur Conan,
Titles and words associated with a name Sir,
Dates associated with a name 1859-1930.
Relator term Author
245 14 - TITLE STATEMENT
Title The mysterious adventures of Sherlock Holmes /
Statement of responsibility, etc. Sir Arthur Conan Doyle.
260 ## - PUBLICATION, DISTRIBUTION, ETC.
Place of publication, distribution, etc. New York :
Name of publisher, distributor, etc. Puffin,
Date of publication, distribution, etc. 1995.
300 ## - PHYSICAL DESCRIPTION
Extent 246 p. ;
Dimensions 20 cm.
440 #0 - SERIES STATEMENT/ADDED ENTRY--TITLE
Title Puffin classics.
650 #0 - SUBJECT ADDED ENTRY--TOPICAL TERM
Topical term or geographic name entry element Private investigators
Geographic subdivision England
Form subdivision Fiction.
650 #0 - SUBJECT ADDED ENTRY--TOPICAL TERM
Topical term or geographic name entry element Detective and mystery stories, English.
650 #0 - SUBJECT ADDED ENTRY--TOPICAL TERM
Topical term or geographic name entry element Holmes, Sherlock (Fictitious character)
Form subdivision Fiction.
650 #0 - SUBJECT ADDED ENTRY--TOPICAL TERM
Topical term or geographic name entry element Watson, John H. (Fictitious character)
Form subdivision Fiction.
942 ## - ADDED ENTRY ELEMENTS (KOHA)
Source of classification or shelving scheme
Koha item type Books - Non Ficton
Holdings
Withdrawn status Lost status Source of classification or shelving scheme Damaged status Not for loan Collection code Permanent Location Current Location Shelving location Date acquired Full call number Barcode Date last seen Price effective from Koha item type
          Non-Fiction KH8 Primary School Library KH8 Primary School Library Fiction 2022-12-28 823.912 DOY KHPL000003083 2025-12-05 2022-12-28 Books - Non Ficton

Powered By KH8 IT Dept